Statystyki dla Pobrzeże i pojezierze - same nazwy

Kliknij tutaj aby rozwiązać quiz!

Ogólne statystyki

  • Ten quiz został rozwiązany 4 razy
  • Średni wynik to 7 z 50

Statystyki odpowiedzi

HintOdpowiedź% Poprawnych
Województwokujawsko-pomorskie
100%
Województwopomorskie
100%
Województwowielkopolskie
100%
RzekaBrda
50%
Województwolubuskie
50%
Województwopodlaskie
50%
MiastoPoznań
50%
Województwowarmińsko-mazurskie
50%
RzekaWarta
50%
RzekaWisła
50%
Województwozachodniopomorskie
50%
MiastoBydgoszcz
0%
RzekaCzarna Hańcza
0%
JezioroDąbie
0%
JezioroDruzno
0%
RzekaDrwęca
0%
JezioroGardno
0%
MiastoGdańsk
0%
MiastoGdynia
0%
MiastoGorzów Wielkopolski
0%
JezioroHańcza
0%
JezioroJamno
0%
RzekaŁeba
0%
JezioroŁebsko
0%
RzekaŁyna
0%
JezioroMamry
0%
RzekaNoteć
0%
RzekaOdra
0%
MiastoOlsztyn
0%
RzekaParsęta
0%
RzekaPasłęka
0%
RegionPobrzeże Gdańskie
0%
RegionPobrzeże Koszalińskie
0%
RegionPobrzeże Szczecińskie
0%
RegionPojezierze Mazurskie
0%
RegionPojezierze Pomorskie
0%
RegionPojezierze Suwalskie
0%
RegionPojezierze Wielkopolskie
0%
RzekaRega
0%
RegionRównina Augustowska
0%
RegionRównina Tucholska
0%
RzekaSłupia
0%
JezioroŚniardwy
0%
MiastoSzczecin
0%
ZalewSzczeciński
0%
MiastoToruń
0%
RzekaWieprza
0%
JezioroWigry
0%
ZalewWiślany
0%
RegionŻuławy Wiślane
0%

Rozkład punktacji

Percentyl według liczby udzielonych odpowiedzi

Procent ludzi z każdym wynikiem

Twoja historia wyników

Nie rozwiązałeś tego quizu